| 000 | 00338cam a22001097a 4500 | ||
|---|---|---|---|
| 008 | 180718b1986 xxu||||| |||| 00| 0 eng d | ||
| 082 | _aI5135x5451 AR/R | ||
| 100 | _aAndhra Pradesh. | ||
| 245 | _aReport of M.K. Rustomji and associates on administrative reforms | ||
| 260 |
_aHyderabad _bGovernment of Andhra Pradesh _c1986 |
||
| 300 | _a320p. | ||
| 999 |
_c488449 _d488449 |
||